Sociálne zabezpečenie aplikačné praktikum
Guardado en:
| Autor principal: | |
|---|---|
| Autor Corporativo: | |
| Otros Autores: | , |
| Formato: | Libro |
| Lenguaje: | eslovaco |
| Publicado: |
Bratislava
Vydavateľstvo EKONÓM
2006
|
| Materias: | |
| Etiquetas: |
Sin Etiquetas, Sea el primero en etiquetar este registro!
|
MARC
| LEADER | 00000nam$a2200000$$$4500 | ||
|---|---|---|---|
| 001 | 0040062 | ||
| 005 | 20240502071507.1 | ||
| 020 | |a 80-225-2153-1 | ||
| 041 | 0 | |a slo | |
| 044 | |a SK | ||
| 245 | 1 | 0 | |a Sociálne zabezpečenie |b aplikačné praktikum |c Silvia Ošková, Michaela Pechová, Darina Wolfová |
| 264 | 1 | |a Bratislava |b Vydavateľstvo EKONÓM |c 2006 | |
| 300 | |a 96 s. | ||
| 610 | 2 | 0 | |a zabezpečenie sociálne |
| 610 | 2 | 0 | |a poistné |
| 610 | 2 | 0 | |a poisťovne sociálne |
| 610 | 2 | 0 | |a poistenie nemocenské |
| 610 | 2 | 0 | |a zabezpečenie dôchodkové |
| 610 | 2 | 0 | |a poistenie úrazové |
| 610 | 2 | 0 | |a podpory |
| 610 | 2 | 0 | |a štát |
| 610 | 2 | 0 | |a pomoc sociálna |
| 100 | 1 | |a Ošková, Silvia, 1979- | |
| 700 | 1 | |a Pechová, Michaela, 1977- | |
| 700 | 1 | |a Wolfová, Darina | |
| 710 | 2 | |a Ekonomická univerzita v Bratislave. Národohospodárska fakulta | |